Military lessons of the Gulf War / (Record no. 551477)
[ view plain ]
| 000 -LEADER | |
|---|---|
| fixed length control field | 00515pam a2200157 a 4500 |
| 020 ## - INTERNATIONAL STANDARD BOOK NUMBER | |
| International Standard Book Number | 1853671037 : |
| 082 00 - DEWEY DECIMAL CLASSIFICATION NUMBER | |
| Classification number | 355.0209567 |
| Author Mark | WAT |
| -- | D |
| 245 00 - TITLE STATEMENT | |
| Title | Military lessons of the Gulf War / |
| Statement of responsibility, etc. | Bruce W. Watson ... [et al.] |
| 260 ## - PUBLICATION, DISTRIBUTION, ETC. | |
| Place of publication, distribution, etc. | London : |
| Name of publisher, distributor, etc. | Greenhill Books ; |
| Place of publication, distribution, etc. | Novato, Ca. : |
| Name of publisher, distributor, etc. | Presidio Press, |
| Date of publication, distribution, etc. | 1991. |
| 300 ## - PHYSICAL DESCRIPTION | |
| Extent | 272 p. : |
| Other physical details | ill., maps ; |
| Dimensions | 23 cm. |
| 526 ## - STUDY PROGRAM INFORMATION NOTE | |
| Program name | 0 |
| Interest level | 0 |
| Reading level | 0 |
| Title point value | 355_020956700000000_WAT |
| 650 #0 - SUBJECT ADDED ENTRY--TOPICAL TERM | |
| Topical term or geographic name entry element | MCE |
| 9 (RLIN) | 379 |
| 650 #0 - SUBJECT ADDED ENTRY--TOPICAL TERM | |
| Topical term or geographic name entry element | Persian Gulf War, 1991. |
| 9 (RLIN) | 432 |
| 700 1# - ADDED ENTRY--PERSONAL NAME | |
| Personal name | Watson, Bruce W. |
| 9 (RLIN) | 7017 |
| 942 ## - ADDED ENTRY ELEMENTS (KOHA) | |
| Source of classification or shelving scheme | |
| Koha item type | Book |
| Withdrawn status | Lost status | Source of classification or shelving scheme | Damaged status | Not for loan | Permanent Location | Current Location | Date acquired | Total Checkouts | Full call number | Barcode | Date last seen | Date last checked out | Price effective from | Koha item type |
|---|---|---|---|---|---|---|---|---|---|---|---|---|---|---|
| Military College of Engineering (MCE) | Military College of Engineering (MCE) | 12/15/2014 | 1 | 355.0209567 WAT | MCE-44965 | 10/22/2015 | 10/12/2015 | 12/15/2014 | Book |
